Alle Länder mit Tieren auf ihren Flaggen - Statistiken

Allgemein
  • Dieses Quiz wurde 61 mal gespielt
  • Das Durchschnittsergebnis liegt bei 18 aus 23
Antwortstatistiken
Bildquiz Antwort % Korrekt
Ägypten
98%
Albanien
98%
Kroatien
93%
Mexiko
91%
Spanien
91%
Andorra
88%
Serbien
88%
Kasachstan
86%
Malta
84%
Ecuador
83%
Sri Lanka
81%
Moldawien
78%
Montenegro
78%
Bhutan
76%
Fidschi
76%
Papua-Neuguinea
74%
Brunei
72%
Uganda
72%
Guatemala
67%
Kiribati
66%
Dominica
64%
Sambia
60%
Simbabwe
60%
Keine übereinstimmenden Quizze gefunden
Verteilung der Resultate
Anzahl Personen mit jedem Resultat
Perzentil nach korrekt beantworteten Fragen
Ihre Resultats-Entwicklung
Sie haben dieses Quiz noch nicht gespielt